Capitães das seleções campeãs da Copa do Mundo - Statistics

Estatísticas Gerais
  • Esse quiz foi jogado 153 vezes
  • A pontuação média é 10 de 21
Estatísticas das Respostas
Ano Seleção Capitão % Correto
2002 Brasil Cafu
98%
1986 Argentina Diego Maradona
81%
2010 Espanha Iker Casillas
81%
1970 Brasil Carlos Alberto
78%
1994 Brasil Dunga
78%
2018 França Hugo Lloris
73%
2014 Alemanha Philipp Lahm
70%
2006 Itália Fabio Cannavaro
67%
1958 Brasil Bellini
55%
1974 Alemanha Franz Beckenbauer
52%
1990 Alemanha Lothar Matthäus
47%
1998 França Didier Deschamps
44%
1962 Brasil Mauro Ramos
40%
1966 Inglaterra Bobby Moore
35%
1978 Argentina Daniel Passarella
31%
1982 Itália Dino Zoff
31%
1938 Itália Giuseppe Meazza
19%
1954 Alemanha Fritz Walter
15%
1950 Uruguai Obdulio Varela
13%
1930 Uruguai José Nasazzi
7%
1934 Itália Gianpiero Combi
6%
Nenhum quiz correspondente encontrado
Distribuição das Pontuações
Porcentagem de Pessoas com Cada Pontuação
Percentil de Números Respondidos
Sua Pontuação Histórica
Você não jogou esse quiz